000 00342nam a22001457a 4500
020 _a9780070628863
040 _cNust
082 _a536.7
_bWAR
100 _aKenneth Wark, Jr
_9125653
245 _aThermodynamics
250 _a5th Edition
260 _aNew York:
_bMcGraw Hill,
_c1988.
650 _aThermodynamics
942 _2ddc
_cBK
999 _c612168
_d612168